25 etudes mélodiques [pour piano] (Запись № 11779897)

Подробности
000 -МАРКЕР
контрольное поле 03120ncm0a2200433 4500
001 - ИДЕНТИФИКАТОР ЗАПИСИ
контрольное поле RU\NLR\ONIZ\263332
005 - ИДЕНТИФИКАТОР ВЕРСИИ
контрольное поле 20260213115029.7
035 ## - ДРУГИЕ СИСТЕМНЫЕ НОМЕРА
Идентификатор записи (NLR Aleph) 012411851
071 20 - ИЗДАТЕЛЬСКИЙ НОМЕР
Номер, присвоенный агентством С. 322 Л.
100 ## - ДАННЫЕ ОБЩЕЙ ОБРАБОТКИ
Данные общей обработки 20260215 rusy50
101 0# - ЯЗЫК РЕСУРСА
Язык текста, звукозаписи и т.д. русский
-- французский
102 ## - СТРАНА ПУБЛИКАЦИИ ИЛИ ПРОИЗВОДСТВА
Страна публикации Российская Федерация
125 ## - ПОЛЕ КОДИРОВАННЫХ ДАННЫХ: ЗВУКОЗАПИСИ И НОТНЫЕ ИЗДАНИЯ
Форма изложения нотного текста zx
128 ## - ПОЛЕ КОДИРОВАННЫХ ДАННЫХ: МУЗЫКАЛЬНАЯ ФОРМА, ТОНАЛЬНОСТЬ И ЛАД
Музыкальная форма st
145 0# - ПОЛЕ КОДИРОВАННЫХ ДАННЫХ: СРЕДСТВО ИСПОЛНЕНИЯ МУЗЫКАЛЬНОГО ПРОИЗВЕДЕНИЯ (УСТАРЕВШЕЕ)
Тип средства исполнения b
200 1# - ЗАГЛАВИЕ И СВЕДЕНИЯ ОБ ОТВЕТСТВЕННОСТИ
Основное заглавие 25 etudes mélodiques [pour piano]
Общее обозначение материала Ноты
Сведения, относящиеся к заглавию op. 45
Обозначение и номер части Liv. 3
Сведения, относящиеся к заглавию № 20-25
Первые сведения об ответственности S. Heller
210 ## - ПУБЛИКАЦИЯ, РАСПРОСТРАНЕНИЕ И ДР.
Место издания, распространения и т.д. С. Петербург
Имя издателя, распространителя и т. д. Музыкальный магазин "Северная лира"
Дата издания, распространения и т.д. [ок. 1900]
215 ## - ФИЗИЧЕСКАЯ ХАРАКТЕРИСТИКА
Специфическое обозначение материала и объем 13 с.
Размеры 33 см
225 1# - СЕРИЯ
Основное заглавие серии Выбор этюдов и упражнений для фортепиано, принятых в главнейших консерваториях и музыкальных школах
313 ## - ПРИМЕЧАНИЯ, ОТНОСЯЩИЕСЯ К ТЕМАТИЧЕСКОМУ ДОСТУПУ
Текст примечания Систематизация документа проведена по изданию - Методика классифицирования музыкальных произведений (нотных изданий) по таблицам Библиотечно-библиографических классификаций : метод. рекомендации / Гос. б-ка СССР им. В.И. Ленина.- М., 1977. Индексу ББК методических рекомендаций присваивается код ББК для научных библиотек - LBC/SL
316 ## - ПРИМЕЧАНИЯ ОБ ОСОБЕННОСТЯХ ЭКЗЕМПЛЯРА
Связь между полями b01852
Организация и экземпляр, к которому относится поле NLR
Текст примечания Экз. М 4Бел/32(3) (№ 269050). Припл. к: Хеллер (Геллер) С. (И.). 25 etudes mélodiques [pour piano]. С. Петербург, [ок. 1900]
482 #0 - ПРИПЛЕТЕНО К
-- b01852
Встроенное поле 001RU\NLR\ONIZ\263330
-- 852##$aNLR$bМ$j4Бел/32(1)$p269048$t1$z4Бел/32(2);4Бел/32(3);4Бел/33
Системный номер (АБИС) связанной записи 11779887
Автор Хеллер (Геллер), С. (И.) (1813-1888)
Место публикации С. Петербург
Дата публикации [ок. 1900]
Первые сведения об ответственности S. Heller
Номер части Liv. 1
Имя издателя, распространителя и т.д. Музыкальный магазин "Северная лира"
Сведения, относящиеся к заглавию op. 45 : № 1-9
Физическая характеристика 13 с.
Заглавие 25 etudes mélodiques [pour piano]: Ноты
500 00 - УНИФИЦИРОВАННОЕ ЗАГЛАВИЕ
Унифицированное заглавие Мелодические этюды (25) для фортепиано
Общее обозначение материала Ноты
Цифровое обозначение (для музыкальных произведений) Op. 45
Средства исполнения (для музыкальных произведений) Фортепиано
606 1# - НАИМЕНОВАНИЕ ТЕМЫ КАК ПРЕДМЕТ
Наименование темы Фортепианная музыка французская
Хронологический подзаголовок 19-20 вв.
Формальный подзаголовок Ноты
-- Учебно-методические пособия
Код системы nlr_sh
606 1# - НАИМЕНОВАНИЕ ТЕМЫ КАК ПРЕДМЕТ
Наименование темы Этюды для фортепиано
Географический подзаголовок Франция
Хронологический подзаголовок 19 век
Формальный подзаголовок Ноты
-- Учебно-методические пособия
Код системы nlr_sh
686 0# - ИНДЕКСЫ ДРУГИХ КЛАССИФИКАЦИЙ
Индекс Щ954.294(4Фр)я44
700 #1 - ИМЯ ЛИЦА - ПЕРВИЧНАЯ ОТВЕТСТВЕННОСТЬ
Системный номер авторитетной/нормативной записи z01790
Начальный элемент ввода Хеллер (Геллер)
Часть имени, кроме начального элемента ввода С. (И.)
Даты 1813-1888
Расширение инициалов личного имени Стефан (Иштван)
Код отношения Композитор
Графика поля Кириллица
703 #1 - ИМЯ ЛИЦА - ПРОИСХОЖДЕНИЕ ИЛИ ВЛАДЕЛЕЦ
Системный номер авторитетной/нормативной записи z02790
Начальный элемент ввода Беляев
Часть имени, кроме начального элемента ввода В. М.
Дополнения к именам, кроме дат музыковед
Даты 1888-1968
Расширение инициалов личного имени Виктор Михайлович
Код отношения Бывший владелец
790 #1 - ИМЯ ЛИЦА - АЛЬТЕРНАТИВНАЯ ФОРМА
Системный номер авторитетной/нормативной записи z01700
Начальный элемент ввода Heller
Часть имени, кроме начального элемента ввода S. (I.)
Даты 1813-1888
Расширение инициалов личного имени Stefan (István)
Код отношения Композитор
Графика поля Латинская
790 #1 - ИМЯ ЛИЦА - АЛЬТЕРНАТИВНАЯ ФОРМА
Системный номер авторитетной/нормативной записи z02703
Начальный элемент ввода Beljaev
Часть имени, кроме начального элемента ввода V. M.
Даты 1888-1968
Расширение инициалов личного имени Viktor Michajlovič
Код отношения Бывший владелец
Графика поля Латинская
801 #0 - ИСТОЧНИК ЗАПИСИ
Страна Российская Федерация
Организация NLR
Дата составления 20201101
Правила каталогизации PSBO
801 #1 - ИСТОЧНИК ЗАПИСИ
Страна Российская Федерация
Организация NLR
Дата составления 20201101
Источник данных rusmarc
801 #2 - ИСТОЧНИК ЗАПИСИ
Страна Российская Федерация
Организация NLR
Дата составления 20220607
852 ## - МЕСТОНАХОЖДЕНИЕ И ШИФР ХРАНЕНИЯ
-- b01482
-- b01316
Идентификатор организации NLR
Префикс шифра хранения М
Шифр хранения (Call Number) 4Бел/32(3)
Идентификатор единицы 269050
Номер экземпляра 1
942 ## - ДОПОЛНИТЕЛЬНЫЕ ЭЛЕМЕНТЫ ЗАПИСИ (АБИС)
Тип экземпляра АБИС Ноты
980 ## - КОЛЛЕКЦИЯ
Название коллекции Национальная библиография
980 ## - КОЛЛЕКЦИЯ
Название коллекции Отдел нот и звукозаписей
Экземпляры
Тип экземпляра Дата поступления Библиотека постоянного хранения Библиотека текущего хранения Место хранения Шифр хранения Статус экземпляра
Ноты 01.11.2020 РНБ (Московский) РНБ (Московский) Фонд нот и звукозаписей 4Бел/32(3) 4Бел/32(3)